| 000 | 00708nam a2200241Ia 4500 | ||
|---|---|---|---|
| 003 | OSt | ||
| 005 | 20220926002501.0 | ||
| 006 | a|||||r|||| 00| 0 | ||
| 007 | ta | ||
| 008 | 220923b |||||||| |||| 00| 0 eng d | ||
| 037 | _cGeneral Book | ||
| 040 |
_aRTL _cRTL _beng |
||
| 041 |
_2eng _aeng |
||
| 082 | _aX.2.N8, M6 | ||
| 100 |
_aBhatty I Z _991295 |
||
| 245 | 0 | _aFocus on some major imbalances in the Indian economy | |
| 260 |
_a New Delhi _bN C A E R _c1986 |
||
| 300 |
_a45p _ccm. |
||
| 490 | _aNational Council of Applied Economic Research, Annual Day | ||
| 650 |
_aIndia Economic Conditions _940151 |
||
| 942 |
_hX.2.N8, M6 _cGB _2CC |
||
| 999 |
_c605208 _d605208 |
||